|
|
|
|
| LEADER |
02409cam a2200397 i 4500 |
| 001 |
44358 |
| 003 |
BD-DhAAL |
| 005 |
20251019115257.0 |
| 008 |
250422t2011 bg b 101 0 eng d |
| 010 |
|
|
|a 2010317396
|
| 020 |
|
|
|a 9789848815083
|
| 025 |
|
|
|a B-E-2010-317396; 26
|
| 037 |
|
|
|b Library of Congress -- New Delhi Overseas Office
|
| 040 |
|
|
|a DLC
|b eng
|c DLC
|d DLC
|e rda
|d BD-DhAAL
|
| 042 |
|
|
|a lcode
|a pcc
|
| 043 |
|
|
|a d------
|
| 050 |
0 |
0 |
|a RA441.5
|b .I58 2011
|
| 082 |
|
|
|a 362.1091724
|2 23
|
| 111 |
2 |
|
|a International Conference on Scaling Up Health Programs
|d (2008 :
|c Dhaka, Bangladesh)
|9 58094
|
| 245 |
1 |
0 |
|a From one to many :
|b scaling up health programs in low income countries /
|c edited by Richard A. Cash, A. Mushtaque R. Chowdhury, George B. Smith, Faruque Ahmed.
|
| 260 |
|
|
|a Dhaka :
|b The University Press Limited,
|c 2011.
|
| 300 |
|
|
|a xxx, 276 pages ;
|c 25 cm
|
| 500 |
|
|
|a First published.
|
| 504 |
|
|
|a Includes bibliographical references and index.
|
| 520 |
|
|
|a Contributed papers submitted to the International Conference on Scaling Up Health Programs, held in Dhaka, Bangladesh, in Dec. 2008.
|
| 541 |
|
|
|a Complimentary copy from Dr. Ahmed Mushtaque Raza Chowdhury (Former Vice Chairperson of BRAC)
|e 44358, 44359
|
| 650 |
|
0 |
|a Public health
|z Developing countries
|v Congresses.
|9 58095
|
| 700 |
1 |
|
|a Cash, Richard A.,
|e editor of compilation.
|9 36133
|
| 700 |
1 |
|
|a Chowdhury, A. M. Raza.
|
| 700 |
1 |
|
|a Smith, George B.
|q (George Baxter),
|d 1907-2003.
|9 58096
|
| 700 |
1 |
|
|a Ahmed, Faruque.
|9 55741
|
| 852 |
|
|
|a Ayesha Abed Library
|c Ahmed Mushtaque Raza Chowdhury Collection
|
| 942 |
|
|
|2 ddc
|c BK
|
| 999 |
|
|
|c 47277
|d 47277
|
| 952 |
|
|
|0 0
|1 0
|2 ddc
|4 0
|6 362_109172400000000_FRO
|7 1
|9 77614
|a BRACUL
|b BRACUL
|c AMRC
|d 2025-04-22
|e Complimentary copy from Dr. Ahmed Mushtaque Raza Chowdhury (Former Vice Chairperson of BRAC)
|l 1
|o 362.1091724 FRO
|p 3010044358
|r 2025-10-07
|s 2025-09-17
|t 1
|w 2025-04-22
|y BK
|x Complimentary copy received from Dr. Ahmed Mushtaque Raza Chowdhury (Former Vice Chairperson of BRAC) on 17 April 2025.
|
| 952 |
|
|
|0 0
|1 0
|2 ddc
|4 0
|6 362_109172400000000_FRO
|7 1
|9 77615
|a BRACUL
|b BRACUL
|c AMRC
|d 2025-04-22
|e Complimentary copy from Dr. Ahmed Mushtaque Raza Chowdhury (Former Vice Chairperson of BRAC)
|l 0
|o 362.1091724 FRO
|p 3010044359
|r 2025-04-22
|t 2
|w 2025-04-22
|y BK
|x Complimentary copy received from Dr. Ahmed Mushtaque Raza Chowdhury (Former Vice Chairperson of BRAC) on 17 April 2025.
|